| 000 | 00522nam a22001817a 4500 | ||
|---|---|---|---|
| 999 |
_c257493 _d257492 |
||
| 003 | OSt | ||
| 005 | 20190222112525.0 | ||
| 008 | 190222b xxu||||| |||| 00| 0 eng d | ||
| 010 | _a2016343313 | ||
| 020 | _a9789966561848 | ||
| 040 | _cN/A | ||
| 050 |
_aLB2341.8 _b.K4 M34 2017 |
||
| 100 | _aMagoha, George Albert Omore. | ||
| 245 | _aTower of transformational leadership | ||
| 260 |
_aNairobi, Kenya : _bKenway Publications, _c 2017. |
||
| 300 |
_axix, 364 pages _b: color illustrations _c ; 23 cm |
||
| 942 |
_2lcc _cBK |
||